Arte de cozina (Record no. 10923)

MARC details
000 -CABECERA
campo de control de longitud fija 00578nam a22001817a 4500
001 - NÚMERO DE CONTROL
campo de control BRCA_9301
003 - IDENTIFICADOR DEL NÚMERO DE CONTROL
campo de control FranzMayer
005 - FECHA Y HORA DE LA ÚLTIMA TRANSACCIÓN
campo de control 20230728111542.0
008 - DATOS DE LONGITUD FIJA--INFORMACIÓN GENERAL
campo de control de longitud fija 230728b |||||||| |||| 00| 0 eng d
040 ## - FUENTE DE LA CATALOGACIÓN
Centro catalogador/agencia de origen MFM
Lengua de catalogación esp
Centro/agencia transcriptor MFM
050 ## - SIGNATURA TOPOGRÁFICA DE LA BIBLIOTECA DEL CONGRESO
Número de clasificación CO1544
Número de documento/Ítem 1614
240 1# - TÍTULO UNIFORME
Título uniforme Arte de cozina
Lenguaje de la obra español
245 0# - MENCIÓN DE TÍTULO
Título Arte de cozina
500 ## - NOTA GENERAL
Nota general El libro permanece en una caja guarda por lo que no es posible saber mucha información del mismo.
650 1# - PUNTO DE ACCESO ADICIONAL DE MATERIA--TÉRMINO DE MATERIA
Fuente del encabezamiento o término Hogar
Término de materia o nombre geográfico como elemento de entrada Home economics
Subdivisión de forma Cocina
9 (RLIN) 28989
651 2# - PUNTO DE ACCESO ADICIONAL DE MATERIA--NOMBRE GEOGRÁFICO
Fuente del encabezamiento o término Libros de cocina
Nombre geográfico Antes de 1800
Subdivisión de forma Cocinas hispanas
9 (RLIN) 28990
942 ## - ELEMENTOS DE PUNTO DE ACCESO ADICIONAL (KOHA)
Fuente del sistema de clasificación o colocación Library of Congress Classification
Tipo de ítem Koha Libros
Holdings
Estado de retiro Estado de pérdida Fuente del sistema de clasificación o colocación Estado dañado No para préstamo Código de colección Localización permanente Ubicación/localización actual Fecha de adquisición Fuente de adquisición Total de préstamos Signatura topográfica completa Código de barras Fecha visto por última vez Precio válido a partir de Tipo de ítem Koha
El ejemplar forma parte de la colección y puede ser consultado según las políticas vigentes.   Library of Congress Classification     Conventual Franz Mayer Biblioteca del Museo Franz Mayer (Rogerio Casas-Alatriste) Biblioteca del Museo Franz Mayer (Rogerio Casas-Alatriste) 28/07/2023 Donación   CO1544 1614 CFM00537 28/07/2023 28/07/2023 Libros